| 000 | 00731nam a22002177a 4500 | ||
|---|---|---|---|
| 999 |
_c3543 _d3543 |
||
| 003 | AR-CdUCM | ||
| 008 | 190306b ||||| |||| 00| 0 spa d | ||
| 040 |
_aMUNICIPALIDAD PROVINCIAL DEL CUSCO _cBIBLIOTECA MUNICIPAL DEL CUSCO |
||
| 082 |
_a869.56 / _bH874 |
||
| 100 |
_aHuancachoque Nieto, Edgar _911612 |
||
| 245 | _aQheswapi hathunkayninchismanta qaymanta, khunanmanta ima hayawikuna / | ||
| 260 |
_aCusco : _bKopy graf, _c2005 |
||
| 300 |
_a68 páginas ; _bIlustraciones, _c21 cm. |
||
| 505 | _aPoesía en Quechua | ||
| 650 |
_aLiteratura Peruana _9132 |
||
| 650 |
_aPoesía quechua _911613 |
||
| 650 |
_a Literarios cusqueños _911614 |
||
| 710 |
_aInstituto nacional de cultura _99 |
||
| 942 |
_2ddc _cLIBROS |
||
| 945 | _awnts | ||